| 000 | 01246nam0a22002651 4500 | ||
|---|---|---|---|
| 001 | v19\rc\1280846 | ||
| 005 | 20070428133514.5 | ||
| 035 | _a(NLR Aleph) 005193247 | ||
| 090 |
_a5234654 _c5234654 |
||
| 100 | _a20060306d1835 |||y0rusy50 ca | ||
| 101 | 0 | _arus | |
| 102 | _aRU | ||
| 105 | _ay z ||||| | ||
| 200 | 1 | _aСлово о неизвестности времени нашей смерти, и о нужде приготовления к смерти, сказанное в Кимрском Покровском соборе, при посещении епархии, августа 9 дня 1835 года, синодальным членом Григорием, архиепископом Тверским | |
| 210 |
_aСанкт-Петербург _d1835 |
||
| 215 | _a14 с. | ||
| 700 | 0 |
_aГригорий _cПостников, Георгий Петрович, митрополит _f1784-1860 _3RU\NLR\AUTH\778157 _7ca |
|
| 790 | 1 |
_aПостников _bГ. П. _f1784-1860 _gГеоргий Петрович |
|
| 801 | 0 |
_aRU _bNLR _c20060306 _gpsbo |
|
| 801 | 0 |
_aRU _bRuMoRGB _c20060306 _2psbo |
|
| 801 | 1 |
_aRU _bProSoft-M _c20060306 _2rusmarc |
|
| 801 | 2 |
_aRU _bNLR _c20070428 _2rusmarc |
|
| 852 |
_aNLR _j18.97.4.157 |
||
| 942 | _cBOOK | ||
| 980 | _aNB | ||